[Event "St Veit op 42nd"]
[Site "St Veit"]
[Date "2023.07.09"]
[Round "3"]
[White "Vanduyfhuys, Daria"]
[Black "Hresc, Vladimir"]
[Result "1-0"]
[WhiteElo "2043"]
[BlackElo "2279"]
[PlyCount "161"]
[EventDate "2023.07.08"]
[EventType "swiss"]
[EventRounds "9"]
[EventCountry "AUT"]
[SourceTitle "CBM 215 Extra"]
[Source "ChessBase"]
[SourceDate "2023.09.30"]
[SourceVersion "1"]
[SourceVersionDate "2023.09.30"]
[SourceQuality "1"]

1. d4 Nf6 2. c4 e6 3. Nf3 b6 4. g3 Bb7 5. Bg2 Bb4+ 6. Bd2 a5 7. 0-0 0-0 8. Nc3 Ne4 9. Nxe4 Bxe4 10. Bxb4 axb4 11. Qb3 Nc6 12. d5 Na5 13. Qxb4 exd5 14. cxd5 Bxd5 15. Qd4 Bb7 16. Rfd1 d6 17. Qc3 Be4 18. Rac1 c5 19. Qe3 d5 20. Nh4 Bxg2 21. Nxg2 Nc6 22. a3 Re8 23. Qd3 Qf6 24. Rd2 Rad8 25. Nf4 d4 26. Qb5 Ne5 27. Rcd1 g5 28. Nd3 Qc6 29. Qxc6 Nxc6 30. Rc2 Ne5 31. Nxe5 Rxe5 32. Kf1 g4 33. Kg2 Rde8 34. Rdd2 R8e6 35. h3 h5 36. a4 Rf6 37. h4 Ref5 38. e3 dxe3 39. fxe3 Re6 40. Rd3 Kg7 41. Rf2 Rfe5 42. Rd7 Re7 43. Rd6 R5e6 44. Rd5 Kg6 45. Rg5+ Kh6 46. Rgf5 Rxe3 47. Rf6+ Kg7 48. Rxb6 Rd3 49. Rbf6 Ra7 50. R6f5 Rxa4 51. Rxf7+ Kg8 52. R7f5 c4 53. Rg5+ Kh7 54. Rxh5+ Kg7 55. Rg5+ Kh7 56. Rxg4 Rb4 57. Kh3 Rbb3 58. Rc2 Kh6 59. Rcxc4 Rxb2 60. Rc6+ Kh7 61. Rc5 Kh6 62. h5 Rd6 63. Rgc4 Rbd2 64. Kh4 Rh2+ 65. Kg4 Rhd2 66. Rc6 R2d5 67. Rxd6+ Rxd6 68. Kh4 Rd7 69. Rc6+ Kg7 70. g4 Kh7 71. h6 Rd5 72. g5 Rd1 73. Rc7+ Kh8 74. g6 Rd8 75. Kg5 Rd5+ 76. Kf6 Rd8 77. Ke7 Rg8 78. g7+ Kh7 79. Kf7 Ra8 80. Re7 Rb8 81. Re8 1-0

[Event "Wch U20 Girls 38th"]
[Site "Cala Gonone"]
[Date "2022.10.21"]
[Round "10"]
[White "Vanduyfhuys, Daria"]
[Black "Aydin, Gulenay"]
[Result "1/2-1/2"]
[WhiteElo "2073"]
[BlackElo "2109"]
[PlyCount "110"]
[EventDate "2022.10.12"]
[EventType "swiss"]
[EventRounds "11"]
[EventCountry "ITA"]
[SourceTitle "CBM 210 Extra"]
[Source "ChessBase"]
[SourceDate "2022.11.30"]
[SourceVersion "1"]
[SourceVersionDate "2022.11.30"]
[SourceQuality "1"]

1. d4 Nf6 2. c4 g6 3. Nc3 Bg7 4. e4 d6 5. h3 Nbd7 6. Be3 e5 7. d5 Nc5 8. Qc2 0-0 9. g4 a5 10. Nge2 c6 11. Ng3 a4 12. Rd1 cxd5 13. cxd5 Qa5 14. Qd2 Bd7 15. f3 a3 16. b3 Rfc8 17. Nge2 Bb5 18. b4 Qxb4 19. Rb1 Qxb1+ 20. Nxb1 Nd3+ 21. Qxd3 Bxd3 22. Nbc3 b5 23. Kd2 Bc4 24. Nc1 b4 25. Nb5 Bxf1 26. Rxf1 Ne8 27. Na7 Rxa7 28. Bxa7 Bh6+ 29. Be3 Bxe3+ 30. Kxe3 Rc2 31. Kd3 Rb2 32. Rd1 Nc7 33. Rd2 Nb5 34. Ke3 Nc3 35. Kd3 Kg7 36. h4 Kf6 37. Rc2 Nb5 38. g5+ Ke7 39. Rc8 Nc3 40. Rc7+ Ke8 41. Rb7 Nxa2 42. Nxa2 Rxa2 43. Rxb4 Rf2 44. Ke3 a2 45. Ra4 Rh2 46. Kd3 Kd7 47. Ra7+ Kc8 48. Kc4 Kb8 49. Ra3 Rf2 50. Rb3+ Kc7 51. Ra3 Rxf3 52. Rxa2 Re3 53. Kb5 Rb3+ 54. Kc4 Re3 55. Kb5 Rb3+ 1/2-1/2

[Event "Wch U20 Girls 38th"]
[Site "Cala Gonone"]
[Date "2022.10.20"]
[Round "9"]
[White "Kurmangaliyeva, Liya"]
[Black "Vanduyfhuys, Daria"]
[Result "1-0"]
[WhiteElo "2199"]
[BlackElo "2073"]
[PlyCount "117"]
[EventDate "2022.10.12"]
[EventType "swiss"]
[EventRounds "11"]
[EventCountry "ITA"]
[SourceTitle "CBM 210 Extra"]
[Source "ChessBase"]
[SourceDate "2022.11.30"]
[SourceVersion "1"]
[SourceVersionDate "2022.11.30"]
[SourceQuality "1"]

1. d4 Nf6 2. Nf3 e6 3. g3 d5 4. Bg2 c5 5. 0-0 Nc6 6. c4 dxc4 7. dxc5 Qxd1 8. Rxd1 Bxc5 9. Nbd2 c3 10. bxc3 0-0 11. Nb3 Bb6 12. Ba3 Re8 13. Nfd4 Ne5 14. Nb5 Nc4 15. Bc5 Bd7 16. Nd6 Nxd6 17. Bxb6 Nc4 18. Bc5 Bc6 19. Bxc6 bxc6 20. Rd4 Nb6 21. Na5 Rac8 22. Rb1 Nfd5 23. Rb3 e5 24. Rd3 Na4 25. Bxa7 e4 26. Rd2 Rc7 27. c4 Ne7 28. Bb8 Rcc8 29. Bd6 Nf5 30. c5 Red8 31. Nb7 Nxc5 32. Nxc5 Nxd6 33. a4 g6 34. Rb6 Kg7 35. Rd4 Nf5 36. Rxe4 Rd1+ 37. Kg2 Nd6 38. Re7 Rd5 39. Nd3 Kf8 40. Ra7 c5 41. Rd7 Nc4 42. Rxd5 Nxb6 43. Rxc5 Rxc5 44. Nxc5 Ke7 45. a5 Nc4 46. a6 Kd6 47. a7 Nb6 48. Na4 Na8 49. Kf3 Kc6 50. Ke4 Kb7 51. Ke5 Kxa7 52. Kf6 Ka6 53. Kxf7 Kb5 54. Nc3+ Kc4 55. Ne4 Nc7 56. Ng5 h6 57. Ne6 Nb5 58. Kxg6 Nc3 59. Nf4 1-0

[Event "Wch U20 Girls 38th"]
[Site "Cala Gonone"]
[Date "2022.10.13"]
[Round "3"]
[White "Georges, Lisa"]
[Black "Vanduyfhuys, Daria"]
[Result "0-1"]
[WhiteElo "1799"]
[BlackElo "2073"]
[PlyCount "72"]
[EventDate "2022.10.12"]
[EventType "swiss"]
[EventRounds "11"]
[EventCountry "ITA"]
[SourceTitle "CBM 210 Extra"]
[Source "ChessBase"]
[SourceDate "2022.11.30"]
[SourceVersion "1"]
[SourceVersionDate "2022.11.30"]
[SourceQuality "1"]

1. e4 c5 2. Nf3 d6 3. d4 cxd4 4. Nxd4 Nf6 5. Nc3 a6 6. Be3 e5 7. Nb3 Be7 8. f3 h5 9. Qd2 Be6 10. Nd5 Bxd5 11. exd5 Nbd7 12. 0-0-0 Nb6 13. Kb1 Nbxd5 14. Bg5 Qc7 15. Bd3 0-0-0 16. Rhe1 Kb8 17. h4 Rhe8 18. Na5 Nb6 19. Qe2 Na4 20. Nb3 Nd5 21. Bd2 Bxh4 22. Rh1 Bf6 23. Ba5 Ndb6 24. Be4 g6 25. Rd3 Qc4 26. Bxb6 Nxb6 27. Na5 Qb5 28. Nxb7 d5 29. Nxd8 dxe4 30. Qxe4 Rxd8 31. Rb3 Qc5 32. a3 Rd6 33. Qa4 Ka7 34. Qe8 Qc7 35. Rc3 Qb7 36. Rb3 Rd8 0-1

[Event "Antwerp World Uni blitz op (Women)"]
[Site "Antwerp"]
[Date "2022.09.14"]
[Round "7"]
[White "Djidjeli, Sarah"]
[Black "Vanduyfhuys, Daria"]
[Result "0-1"]
[WhiteElo "1910"]
[BlackElo "1784"]
[PlyCount "90"]
[EventDate "2022.09.14"]
[EventType "swiss (blitz)"]
[EventRounds "9"]
[EventCountry "BEL"]
[SourceTitle "CBM 210 Extra"]
[Source "ChessBase"]
[SourceDate "2022.11.30"]
[SourceVersion "1"]
[SourceVersionDate "2022.11.30"]
[SourceQuality "1"]

1. e4 c5 2. Nf3 d6 3. Bb5+ Bd7 4. Bxd7+ Qxd7 5. 0-0 Nc6 6. c3 Nf6 7. Re1 g6 8. d4 d5 9. e5 Ne4 10. Be3 cxd4 11. cxd4 Bg7 12. Nh4 g5 13. Nf3 h6 14. Nbd2 0-0-0 15. Rc1 Kb8 16. Nb3 f6 17. Nc5 Nxc5 18. Rxc5 fxe5 19. dxe5 Nxe5 20. Nxe5 Bxe5 21. Ra5 b6 22. Ra3 Bd6 23. Rb3 Bc7 24. a4 Qd6 25. g3 d4 26. Bd2 h5 27. Bb4 Qd5 28. Bxe7 Rde8 29. Rb5 Qd7 30. Bxg5 a6 31. Rb4 Qg7 32. Bh4 Ka7 33. Rxe8 Rxe8 34. Rxd4 Re1+ 35. Qxe1 Qxd4 36. Qe2 Qxa4 37. Qxh5 Qa1+ 38. Kg2 Qxb2 39. Qf7 Qc3 40. Bd8 Kb7 41. Qf3+ Qxf3+ 42. Kxf3 Bxd8 43. h4 a5 44. h5 a4 45. h6 a3 0-1

[Event "Olympiad Women-44"]
[Site "Chennai"]
[Date "2022.08.05"]
[Round "7.2"]
[White "Vanduyfhuys, Daria"]
[Black "Chirivi Castiblanco, Jenny Astrid"]
[Result "0-1"]
[WhiteElo "2094"]
[BlackElo "2157"]
[PlyCount "120"]
[EventDate "2022.07.29"]
[EventType "team-swiss"]
[EventRounds "11"]
[EventCountry "IND"]
[SourceTitle "CBM 210"]
[Source "ChessBase"]
[SourceDate "2022.10.31"]
[SourceVersion "1"]
[SourceVersionDate "2022.10.31"]
[SourceQuality "1"]
[WhiteTeam "Belgium (W)"]
[BlackTeam "Colombia (W)"]
[WhiteTeamCountry "BEL"]
[BlackTeamCountry "COL"]

1. d4 Nf6 2. c4 e6 3. Nf3 Bb4+ 4. Bd2 Qe7 5. Nc3 0-0 6. g3 Bxc3 7. Bxc3 Ne4 8. Rc1 d6 9. Bg2 a5 10. 0-0 f5 11. Be1 Nd7 12. Nd2 Ndf6 13. Nxe4 Nxe4 14. Qd3 e5 15. f3 Nf6 16. Bc3 exd4 17. Bxd4 Be6 18. Rfe1 Rae8 19. Qc3 b6 20. b3 Bd7 21. Bh3 f4 22. Bg2 fxg3 23. hxg3 Nh5 24. f4 Kh8 25. e4 Qf7 26. Bf2 Qg6 27. Re3 Nf6 28. Rce1 Ng4 29. R3e2 Qh6 30. Qd3 Nxf2 31. Rxf2 Qg6 32. Rd2 Re7 33. Re3 Bg4 34. Qf1 Rfe8 35. Qf2 h6 36. a3 Qf6 37. Qe1 Qg6 38. Kf2 Qf7 39. Kg1 a4 40. bxa4 Qxc4 41. a5 bxa5 42. Rb2 d5 43. Kh2 d4 44. Reb3 d3 45. e5 Bf5 46. Qxa5 Qc1 47. Rb7 Kh7 48. Rf2 Rd8 49. Rd2 h5 50. Bf3 h4 51. gxh4 Qe1 52. Rbb2 Qxh4+ 53. Kg1 Qg3+ 54. Bg2 Qxf4 55. Bd5 Qd4+ 56. Kf1 Qxd5 57. Rh2+ Kg8 58. Qb4 d2 59. Rbxd2 Qf3+ 60. Rhf2 Qh1+ 0-1